| 000 | 00613nam a22002057a 4500 | ||
|---|---|---|---|
| 003 | OSt | ||
| 005 | 20260116040503.0 | ||
| 008 | 260116b |||||||| |||| 00| 0 eng d | ||
| 020 | _a978-971-23-4697-2. | ||
| 040 |
_aDWCL-Main lib _cOC |
||
| 082 | _aFil. 338.4 L654 2007 | ||
| 100 | _aFlorida C. Leuterio | ||
| 245 |
_aIntroduction to tourism _cFlorida C. Leuterio |
||
| 260 |
_aManila : _bRex Book Store, Inc., _cc2007. |
||
| 300 |
_axi, 151 pages ; _c22 cm. |
||
| 504 | _aIncludes bibliographical references and index. | ||
| 650 | _21. Tourist trade. | ||
| 650 | _22. Travel. | ||
| 942 |
_2ddc _cBK - FIL _kFil. _n0 |
||
| 999 |
_c7497 _d7497 |
||